Experience human development / (Record no. 5462)

MARC details
000 -LEADER
fixed length control field 02399cam a22004698i 4500
001 - CONTROL NUMBER
control field 22764496
003 - CONTROL NUMBER IDENTIFIER
control field OSt
005 - DATE AND TIME OF LATEST TRANSACTION
control field 20260122171519.0
006 - FIXED-LENGTH DATA ELEMENTS--ADDITIONAL MATERIAL CHARACTERISTICS
fixed length control field m |o d |
007 - PHYSICAL DESCRIPTION FIXED FIELD--GENERAL INFORMATION
fixed length control field cr_|||||||||||
008 - FIXED-LENGTH DATA ELEMENTS--GENERAL INFORMATION
fixed length control field 220418s2024 nyu job 001 0 eng
010 ## - LIBRARY OF CONGRESS CONTROL NUMBER
LC control number 2022018571
020 ## - INTERNATIONAL STANDARD BOOK NUMBER
International Standard Book Number 9781266792892
Qualifying information (ebook other)
020 ## - INTERNATIONAL STANDARD BOOK NUMBER
Canceled/invalid ISBN 9781266349560
Qualifying information (hardcover)
020 ## - INTERNATIONAL STANDARD BOOK NUMBER
Canceled/invalid ISBN 9781266791598
Qualifying information (spiral bound)
020 ## - INTERNATIONAL STANDARD BOOK NUMBER
International Standard Book Number 9781266791512
Qualifying information (ebook)
020 ## - INTERNATIONAL STANDARD BOOK NUMBER
Canceled/invalid ISBN 9781266120909
Qualifying information (hardcover)
035 ## - SYSTEM CONTROL NUMBER
System control number 22764496
040 ## - CATALOGING SOURCE
Language of cataloging eng
Transcribing agency Foundation University
Description conventions rda
042 ## - AUTHENTICATION CODE
Authentication code pcc
050 00 - LIBRARY OF CONGRESS CALL NUMBER
Classification number BF 713
Item number .2024 P37
100 1# - MAIN ENTRY--PERSONAL NAME
Personal name Papalia, Diane E.,
Relator term author.
9 (RLIN) 14310
245 10 - TITLE STATEMENT
Title Experience human development /
Statement of responsibility, etc. Diane E. Papalia, Gabriela Martorell.
250 ## - EDITION STATEMENT
Edition statement Fifteenth edition.
263 ## - PROJECTED PUBLICATION DATE
Projected publication date 2301
264 #1 - PRODUCTION, PUBLICATION, DISTRIBUTION, MANUFACTURE, AND COPYRIGHT NOTICE
Place of production, publication, distribution, manufacture New York, NY :
Name of producer, publisher, distributor, manufacturer McGraw Hill Education,
Date of production, publication, distribution, manufacture, copy right date [2024]
Copyright Date 2024.
300 ## - PHYSICAL DESCRIPTION
Extent lx, 573 pages, G11, B102, I49 :
Other physical details color illustrations ;
Dimensions 27 cm.
Materials specified resource
Type of unit volume
336 ## - CONTENT TYPE
Content type term text
Content type code txt
Source rdacontent
337 ## - MEDIA TYPE
Media type term computer
Media type code c
Source rdamedia
338 ## - CARRIER TYPE
Carrier type term online resource
Carrier type code cr
Source rdacarrier
Materials specified resource
504 ## - BIBLIOGRAPHY, ETC. NOTE
Bibliography, etc. note Includes bibliographical references and index.
520 ## - ABSTRACT, SUMMARY, ETC.
Abstract, Summary, etc. "Experience Human Development helps students experience the human side of development by exposing them to culture and diversity, immersing them in practical application, and helping them study smarter through personalized learning and reporting. Experience Human Development takes a practical approach to research and recognizes that just as people develop in their own way, your students also learn in their own ways"--
Assigning source Provided by publisher.
521 ## - TARGET AUDIENCE NOTE
Target audience note Ages 18+
Source McGraw Hill Education.
588 ## - SOURCE OF DESCRIPTION NOTE
Source of description note Description based on print version record and CIP data provided by publisher; resource not viewed.
650 #0 - SUBJECT ADDED ENTRY--TOPICAL TERM
Topical term or geographic name entry element Developmental psychology.
9 (RLIN) 14182
650 #0 - SUBJECT ADDED ENTRY--TOPICAL TERM
Topical term or geographic name entry element Developmental psychobiology.
9 (RLIN) 14311
658 ## - INDEX TERM--CURRICULUM OBJECTIVE
Main curriculum objective Psychology, Bachelor of Science in.
700 1# - ADDED ENTRY--PERSONAL NAME
Personal name Martorell, Gabriela,
Relator term author.
9 (RLIN) 14312
776 08 - ADDITIONAL PHYSICAL FORM ENTRY
Relationship information Print version:
Main entry heading Papalia, Diane E.
Title Experience human development
Edition Fifteenth edition.
Place, publisher, and date of publication New York, NY : McGraw Hill Education, [2024]
International Standard Book Number 9781266349560
Record control number (DLC) 2022018570
856 ## - ELECTRONIC LOCATION AND ACCESS
Uniform Resource Identifier <a href="https://drive.google.com/file/d/1s1Vw-pBO_IRI1cLEOJysX_mWxFLcioLm/view?usp=sharing">https://drive.google.com/file/d/1s1Vw-pBO_IRI1cLEOJysX_mWxFLcioLm/view?usp=sharing</a>
Link text Click here to view the table of content
942 ## - ADDED ENTRY ELEMENTS (KOHA)
Source of classification or shelving scheme Library of Congress Classification
Koha item type Books
Edition Fifteenth edition.
Classification part BF 713
Item part .2024 P37
Call number prefix (CAS-Psy.)
Holdings
Uniform Resource Identifier Withdrawn status Lost status Source of classification or shelving scheme Damaged status Not for loan Collection code Home library Current library Shelving location Date acquired Source of acquisition Total Checkouts Full call number Barcode Date due Date last seen Date last checked out Price effective from Koha item type Accession Number
https://drive.google.com/file/d/1s1Vw-pBO_IRI1cLEOJysX_mWxFLcioLm/view?usp=sharing     Library of Congress Classification     Non-fiction Foundation University Library Foundation University Library CoArts & Sciences 01/22/2026 QT 1 (CAS-Psy.) BF 713 .2024 P37 0072026017012 05/15/2026 04/15/2026 04/15/2026 01/22/2026 Books CAS-Psy.-2026012